| 000 | 00863nam a2200301 a 4500 | ||
|---|---|---|---|
| 001 | 9977 | ||
| 003 | CO-ViMGA | ||
| 008 | 141112s2004 ck r 000 u spa d | ||
| 020 | _a8475833551 | ||
| 040 |
_aCO-ViMGA _bspa _cCO-ViMGA |
||
| 082 | 0 | 4 | _a612.2 G.84 V.3 |
| 100 | 1 |
_aAlex, _912288 |
|
| 245 | 1 | 0 |
_aEl Goce de Amar - 3 : _bGuía ilustrada del Amor |
| 260 |
_aBarcelona : _bFolio S.A, _c1988 |
||
| 300 | _a84p. : il. | ||
| 650 | 1 | 4 |
_aBISEXUALIDAD _912289 |
| 650 | 1 | 4 | _aENFERMEDADES DE TRANSMISION SEXUAL |
| 650 | 1 | 4 |
_aENFERMEDADES VENEREAS _951590 |
| 650 | 1 | 4 |
_aEYACULACION PRECOZ _912290 |
| 650 | 1 | 4 |
_aFRIGIDEZ _912291 |
| 650 | 1 | 4 |
_aMASTURBACION _912292 |
| 650 | 1 | 4 |
_aPROSTITUCION _912293 |
| 650 | 1 | 4 |
_aSALUD _949719 |
| 650 | 1 | 4 |
_aTRAVESTISMO Y TRANSEXUALIDAD _912294 |
| 650 | 1 | 4 |
_aVASECTOMIA _912295 |
| 650 | 1 | 4 |
_aVIOLACION _97452 |
| 942 |
_2ddc _cBK |
||
| 999 |
_c21354 _d21354 |
||